000 00696nam a2200193 a 4500
001 000024705
005 20200930023324.0
008 110202s1969 xxcabd r 000 0 eng d
040 _aDO-SdBNP
_beng
_cBNPHU
082 _ann*
_bnn*
100 1 _aLambert, Richard S.
_950672
245 1 4 _aThe twentieth century :
_bCanada, Britan, U.S.A. /
_cRichard S. Lambert ; ilustraciones de Ruth Bagshaw ; mapas y gráficos de Robert Kunz y Charles Adams.
260 _aToronto :
_bThe House of Grant,
_c1969.
300 _a420 p. :
_bil., mapas, grafs. ;
_c21 cm.
700 1 _aBagshaw, Ruth,
_eill.
_950673
700 1 _aKunz, Robert,
_eill.
_950674
700 1 _aAdams, Charles,
_eill.
_950675
049 _aBNGR
999 _c24198
_d24198